Zohľadnenie stochastických vplyvov pri štúdiu evolúcie koexistujúcich sociálno-ekonomických skupín s využitím teórie hier diplomová práca

Salvato in:
Dettagli Bibliografici
Autore principale: Hulín, Lukáš
Ente Autore: Fakulta hospodárskej informatiky EU. Katedra aplikovanej informatiky
Altri autori: Turňa, Ľubomír
Natura: Libro
Lingua:slovacco
Pubblicazione: Bratislava 2013
Tags: Aggiungi Tag
Nessun Tag, puoi essere il primo ad aggiungerne!!

MARC

LEADER 00000nbm a2200000 4500
001 0171477
005 20161109102435.1
041 0 |a slo 
044 |a SK 
245 1 0 |a Zohľadnenie stochastických vplyvov pri štúdiu evolúcie koexistujúcich sociálno-ekonomických skupín s využitím teórie hier  |b diplomová práca  |c Lukáš Hulín ; školiteľ: Ľubomír Turňa 
264 1 |a Bratislava  |c 2013 
300 |a 54 s. 
100 1 |a Hulín, Lukáš 
700 1 |a Turňa, Ľubomír 
710 2 |a Fakulta hospodárskej informatiky EU. Katedra aplikovanej informatiky